Classifica Pallone d'Oro FIFA 2014 - Statistics

Statistiche generali
  • Questo quiz è stato fatto 73 volte
  • Il punteggio medio è 21 su 23
Statistiche sulle risposte
Voti Nazione Squadra Calciatore % Corretto
37,66 % Portogallo Real Madrid Cristiano Ronaldo
100%
15,76 % Argentina Barcellona Lionel Messi
100%
5,42 % Germania Bayern Monaco Thomas Müller
100%
1,00 % Galles Real Madrid Gareth Bale
98%
2,21 % Brasile Barcellona Neymar
98%
7,17 % Paesi Bassi Bayern Monaco Arjen Robben
97%
1,47 % Colombia Monaco / Real Madrid James Rodríguez
97%
1,00 % Svezia Paris Saint-Germain Zlatan Ibrahimović
97%
0,67 % Spagna Barcellona Andrés Iniesta
95%
15,72 % Germania Bayern Monaco Manuel Neuer
95%
0,40 % Francia Juventus Paul Pogba
95%
1,43 % Germania Bayern Monaco / Real Madrid Toni Kroos
94%
0,86 % Costa d'Avorio Manchester City Yaya Touré
94%
0,47 % Belgio Chelsea Eden Hazard
92%
0,75 % Francia Real Madrid Karim Benzema
92%
2,90 % Germania Bayern Monaco Philipp Lahm
92%
1,29 % Argentina Real Madrid / Manchester United Ángel Di María
89%
0,33 % Spagna Real Madrid Sergio Ramos
89%
1,02 % Brasile / Spagna Atletico Madrid / Chelsea Diego Costa
88%
0,55 % Argentina Barcellona Javier Mascherano
80%
0,51 % Belgio Atletico Madrid / Chelsea Thibaut Courtois
80%
0,84 % Germania Bayern Monaco Mario Götze
70%
0,57 % Germania Bayern Monaco Bastian Schweinsteiger
67%
Nessun quiz corrispondente trovato
Distribuzione punteggi
Percentuale di utenti per punteggio
Percentile per numero di risposta
I tuoi punteggi nel tempo
Non hai fatto questo quiz